000 00456nab a2200145Ia 4500
003 ES-SlBCS
005 20210601134624.0
008 140529s1988 xxu||||| |||| 00| 0 spa d
041 _aspa
100 1 _aLópez, Abilio
_979912
245 0 0 _aLa fatiga e irrelevancia del método científico en las ciencias sociales
_c Abilio López
650 0 4 _aMetodo Científico
_9137938
773 0 _tAnthropos
_gvol. 9, nº. 16, 1988, págs. 23-42
_wRev38
942 _cAR
999 _c615423
_d615423